| 000 | 00547cam a2200205 4500 | ||
|---|---|---|---|
| 008 | 090401t1987 xxu||||| |||| 00| 0 eng d | ||
| 020 | _a0442317778 | ||
| 035 | _a(Sirsi) u32301 | ||
| 041 | _aeng | ||
| 050 | _a690.3 | ||
| 100 | _aAtkinson, George | ||
| 245 | 2 | _aA guide through construction quality standards | |
| 260 |
_aWokingham,Berks _bVan Nostrand Reinhold (UK) co. Ltd _c1987 |
||
| 300 | _axiv,178p. ; 24cm. | ||
| 350 | _a19.95 | ||
| 650 | _aBUILDING INDUSTRY | ||
| 650 | _aQUALITY ASSURANCE | ||
| 942 | _n0 | ||
| 948 | _c04/03/1997 | ||
| 999 |
_c89712 _d89712 |
||